Hlad a podvýživa - ešte stále hlavne africký problém

Problémy spojené s hladom a podvýživou v Afrike a ich vývoj. Podiel podvyživených detí vo vybraných krajinách Afriky. Demografická explózia. Hospodárske a politické pomery Afriky.

Gespeichert in:
Bibliographische Detailangaben
1. Verfasser: Krogmann, Alfred
Format: Buchkapitel
Sprache:Slowakisch
Schlagworte:
Tags: Tag hinzufügen
Keine Tags, Fügen Sie das erste Tag hinzu!

MARC

LEADER 00000naa a2200000 4500
001 r034166
005 20230810105122.4
041 0 |a slo 
044 |a SK 
245 1 0 |a Hlad a podvýživa - ešte stále hlavne africký problém  |c Alfred Krogmann 
520 |a Problémy spojené s hladom a podvýživou v Afrike a ich vývoj. Podiel podvyživených detí vo vybraných krajinách Afriky. Demografická explózia. Hospodárske a politické pomery Afriky. 
610 2 0 |a Afrika 
610 2 0 |a hlad 
610 2 0 |a výživa 
610 2 0 |a zdravie 
610 2 0 |a deti 
610 2 0 |a úmrtnosť 
610 2 0 |a vývoj hospodársky 
610 2 0 |a politika hospodárska 
100 1 |a Krogmann, Alfred